000
00338nam a2200133Ia 4500
008
151001s9999||||xx |||||||||||||| ||und||
100
_a
भा रा भागवत
245
_a
गप्प बसा मुंछासेन
250
_a
1
260
_b
शकून
260
_c
1984
300
_a
100
365
_b
18
999
_c
971345
_d
971342